| 000 | 005610000a22000970004500 | ||
|---|---|---|---|
| 245 | 1 | 0 | _aMidrás en la Biblia |
| 300 | _aVol.61, núm.283 (Noviembre-diciembre, 2006), Páginas 12-17 | ||
| 520 | _aPor mucho tiempo los biblistas se han estado preguntando a qué clase de literatura se refiere realmente la palabra midrás. Algunos la restringen al grupo de textos conocidos como midrasim. Estos textos... son los que más han ayudado a definir el tipo de literatura que hoy la mayoría denomina como midrás. | ||
| 773 | 0 | _tLa Biblia de las Américas | |
| 942 | _cANA | ||
| 999 |
_c62177 _d62177 |
||